[Event "Druzynowe Mistrzostwa Polski Juniorow - I Liga"]
[Site "Ustron"]
[Date "2011-06-30"]
[Round "6.1"]
[White "Blaszkiewicz, Mateusz"]
[Black "Lis, Marek"]
[Result "0-1"]
[WhiteTitle "I"]
[BlackTitle "I++"]
[WhiteElo "1901"]
[BlackElo "2116"]

1. e4 c5 2. Nf3 d6 3. d4 cxd4 4. Nxd4 Nf6 5. Nc3 a6 6. Be2 e5 7. Nb3 Be6 8. O-O
Be7 9. Be3 O-O 10. Qd2 Nbd7 11. a4 Rc8 12. a5 Qc7 13. Rfc1 Nc5 14. Nxc5 dxc5 15.
Nd5 Bxd5 16. exd5 c4 17. Ra4 c3 18. bxc3 Qd7 19. Rc4 Qxd5 20. Rxc8 Rxc8 21. Qxd5
Nxd5 22. c4 Nxe3 23. fxe3 e4 24. Rb1 Rc7 25. g4 g6 26. Bf1 Bc5 27. Kf2 f5 28.
gxf5 gxf5 29. Ke2 Kf7 30. Bh3 Ke6 31. Rf1 Rf7 32. Rd1 Bd6 33. Rb1 Rc7 34. Rf1
Rc5 35. Rb1 Rxc4 36. Kd1 Rb4 37. Rxb4 Bxb4 38. Bf1 Bxa5 39. Bc4+ Ke5 40. Ke2 Bc3
41. Bf7 b5 42. Be8 b4 43. h4 a5 44. h5 h6 45. Bc6 f4 46. exf4+ Kxf4 47. Be8 e3
48. Bc6 Bd2 49. Be8 Ke4 50. Bb5 Kd4 51. Ba4 Kc3 52. Kd1 Kb2 53. Bb3 Ka3 54. Bc4
a4 55. Bb5 b3 0-1

[Event "Druzynowe Mistrzostwa Polski Juniorow - I Liga"]
[Site "Ustron"]
[Date "2011-06-30"]
[Round "6.2"]
[White "Lewtak, Damian"]
[Black "Chomski, Maciej"]
[Result "1-0"]
[WhiteTitle "I+"]
[BlackTitle "I"]
[WhiteElo "2080"]
[BlackElo "1842"]

1. e4 e5 2. Nf3 Nc6 3. Bb5 a6 4. Ba4 Nf6 5. O-O b5 6. Bb3 Be7 7. Re1 d6 8. c3 O-O
9. h3 Na5 10. Bc2 d5 11. exd5 e4 12. Ne5 Qxd5 13. d4 Bb7 14. Bg5 Nc4 15. Bxf6
e3 16. f3 Nxb2 17. Qe2 gxf6 18. Be4 Qd6 19. Bxb7 Rab8 20. Nc6 Rxb7 21. Nxe7+ Qxe7
22. Qxb2 f5 23. Qc2 Qg5 24. Qd3 f4 25. Na3 Rb6 26. Nc2 Rh6 27. Nxe3 fxe3 28. Qxe3
Qxe3+ 29. Rxe3 Rd8 30. Kf2 Rc6 31. g4 Rc4 32. Kg3 Kf8 33. Rae1 b4 34. cxb4 Rxb4
35. Rc1 Rd7 36. Ra3 Rdxd4 37. Rxc7 Ra4 38. Re3 Rd6 39. Re5 Rf6 40. g5 Rff4 41.
h4 Kg7 42. h5 Rfc4 43. Ra7 Rc8 44. Rf5 Rf8 45. Rf6 a5 46. h6+ Kg8 47. f4 Ra3+
48. Kg4 Rxa2 49. Rfa6 Rc8 50. Ra8 Rf8 51. Rxa5 Rg2+ 52. Kf5 Rc2 53. R5a6 1-0

[Event "Druzynowe Mistrzostwa Polski Juniorow - I Liga"]
[Site "Ustron"]
[Date "2011-06-30"]
[Round "6.3"]
[White "Swiderski, Radoslaw"]
[Black "Lewtak, Dominik"]
[Result "0-1"]
[WhiteTitle "II+"]
[BlackTitle "II+"]
[WhiteElo "1817"]
[BlackElo "1723"]

1. e4 c5 2. Nf3 Nf6 3. e5 Nd5 4. Nc3 e6 5. Nxd5 exd5 6. d4 d6 7. Bf4 Nc6 8. exd6
Bxd6 9. Qe2+ Be6 10. Bxd6 Qxd6 11. O-O-O O-O 12. Qe3 c4 13. Ne5 Rac8 14. Nxc6
Rxc6 15. Qg3 Qd7 16. h4 Bf5 17. h5 h6 18. Re1 b5 19. Qa3 Re8 20. Be2 Rce6 21.
Kd2 Bxc2 22. Bg4 f5 23. Bf3 Be4 24. g4 b4 25. Bxe4 bxa3 26. Bxf5 Qd6 27. Bxe6+
Rxe6 28. Rxe6 Qxe6 29. Re1 Qxe1+ 0-1

[Event "Druzynowe Mistrzostwa Polski Juniorow - I Liga"]
[Site "Ustron"]
[Date "2011-06-30"]
[Round "6.4"]
[White "Szeglowski, Tomasz"]
[Black "Witczak, Jakub"]
[Result "1/2-1/2"]
[WhiteTitle "II+"]
[BlackTitle "II"]
[WhiteElo "1673"]
[BlackElo "1579"]

1. c4 c5 2. Nc3 b6 3. Nf3 g6 4. g3 Bg7 5. Bg2 Bb7 6. O-O Nc6 7. d3 Nh6 8. Bxh6
Bxh6 9. d4 Bg7 10. d5 Nd4 11. Nxd4 Bxd4 12. Rc1 d6 13. Kh1 O-O 14. e4 e6 15. b3
Qd7 16. f4 exd5 17. exd5 Rfe8 18. Ne4 Bg7 19. Qf3 Bc8 20. Rce1 Qd8 21. Re2 Bf5
22. Rfe1 Bxe4 23. Rxe4 Rxe4 24. Qxe4 Kf8 25. Bh3 f5 26. Qe6 Qf6 27. Qxf6+ Bxf6
28. Re6 Be7 29. g4 fxg4 30. Bxg4 Kf7 31. Kg2 Re8 32. f5 Bf8 33. fxg6+ hxg6 34.
Kf3 Rxe6 35. dxe6+ Ke7 36. Kf4 Bh6+ 37. Ke4 a6 38. a3 a5 39. Kd5 Bd2 40. Kc6 Be1
41. Kxb6 g5 1/2-1/2

[Event "Druzynowe Mistrzostwa Polski Juniorow - I Liga"]
[Site "Ustron"]
[Date "2011-06-30"]
[Round "6.5"]
[White "Delekta, Anna"]
[Black "Cyboran, Katarzyna"]
[Result "1-0"]
[WhiteTitle "I"]
[BlackTitle "I++"]
[WhiteElo "1699"]
[BlackElo "1806"]

1. e4 e6 2. d4 d5 3. Nd2 Nf6 4. e5 Ne4 5. Bd3 Nxd2 6. Bxd2 c5 7. c3 Nc6 8. Ne2
Qb6 9. Be3 cxd4 10. cxd4 Bb4+ 11. Nc3 Bd7 12. O-O Rc8 13. a3 Bxc3 14. bxc3 Na5
15. Qg4 Kf8 16. Rab1 Qc7 17. Rbc1 Nb3 18. Rc2 Qa5 19. c4 dxc4 20. Bxc4 Qxa3 21.
Rb1 Ba4 22. Qf3 Nxd4 23. Qxb7 Rd8 24. Ra2 Ne2+ 25. Kf1 Nc3 26. Rxa3 Nxb1 27. Rxa4
Rd1+ 28. Ke2 Nc3+ 29. Kf3 Nxa4 30. Qb4+ Ke8 31. Qxa4+ 1-0

[Event "Druzynowe Mistrzostwa Polski Juniorow - I Liga"]
[Site "Ustron"]
[Date "2011-06-30"]
[Round "6.7"]
[White "Swiech, Przemyslaw"]
[Black "Wandzik, Wojciech"]
[Result "1-0"]
[WhiteTitle "I++"]
[BlackTitle "k"]
[WhiteElo "2219"]
[BlackElo "2239"]

1. d4 f5 2. c4 Nf6 3. Nc3 g6 4. Nf3 d6 5. g3 Bg7 6. Bg2 O-O 7. O-O Nc6 8. d5 Na5
9. Qd3 e5 10. dxe6 Bxe6 11. b3 Nc6 12. Bb2 h6 13. Nd4 Bd7 14. e3 Kh7 15. Rac1
Re8 16. Rfd1 Rb8 17. h3 a6 18. a3 Ne5 19. Qe2 Qc8 20. f4 Nc6 21. Nd5 Ne4 22. Bxe4
Rxe4 23. Nf3 Ne7 24. Bxg7 Nxd5 25. Bd4 Ne7 26. c5 d5 27. h4 Nc6 28. Ba1 Qe8 29.
Rxd5 Be6 30. Rd3 Qf7 31. Kf2 Kg8 32. Qb2 Qh7 33. h5 gxh5 34. Nd2 Qg6 35. Rd1 Kf7
36. Nxe4 fxe4 37. Rd7+ Bxd7 38. Rxd7+ Ke6 39. Qd2 Qf5 40. Rxc7 Qd5 41. Qxd5+ Kxd5
42. Rd7+ Kxc5 43. Bg7 a5 44. Bd4+ Nxd4 45. Rxd4 Re8 46. Kg2 Re6 47. Kh3 Rd6 48.
Rxe4 Rd3 49. f5 Kb6 50. f6 1-0

[Event "Druzynowe Mistrzostwa Polski Juniorow - I Liga"]
[Site "Ustron"]
[Date "2011-06-30"]
[Round "6.8"]
[White "Mroziak, Maciej"]
[Black "Sobolewski, Bartosz"]
[Result "1/2-1/2"]
[WhiteTitle "I++"]
[BlackTitle "II+"]
[WhiteElo "2136"]
[BlackElo "1889"]

1. e4 e6 2. d3 d5 3. Qe2 Be7 4. Nf3 Nf6 5. g3 c5 6. e5 Nfd7 7. Bg2 O-O 8. O-O Nc6
9. c4 f6 10. exf6 Nxf6 11. Re1 Bd6 12. Nc3 h6 13. b3 Re8 14. Bb2 d4 15. Ne4 Nxe4
16. Qxe4 Bd7 17. Rad1 Qf6 18. Qe2 Rf8 19. Nd2 Rae8 20. Bc1 Kh8 21. Ne4 Qe7 22.
Qh5 Rf5 23. Qg6 Ne5 24. Nxd6 Nxg6 25. Nxf5 Qf8 26. Nh4 Nxh4 27. gxh4 Qf6 28. Re4
Bc6 29. Rg4 Qf5 30. h3 Bxg2 31. Kxg2 e5 32. Re4 Rf8 33. f4 Qh5 34. Rf1 exf4 35.
Bxf4 Kh7 36. a3 Rf7 37. b4 g5 38. hxg5 hxg5 39. Re5 Rg7 40. Bg3 cxb4 41. axb4
Rf7 42. Rxf7+ Qxf7 43. b5 a6 44. bxa6 bxa6 45. Rd5 Qh5 46. Rxd4 Qe2+ 47. Bf2 a5
48. c5 Qc2 49. Rd7+ Kg6 50. Ra7 Qxd3 1/2-1/2

[Event "Druzynowe Mistrzostwa Polski Juniorow - I Liga"]
[Site "Ustron"]
[Date "2011-06-30"]
[Round "6.9"]
[White "Marczuk, Dominik"]
[Black "Lizak, Jakub"]
[Result "1-0"]
[WhiteTitle "I"]
[BlackTitle "II+"]
[WhiteElo "1924"]
[BlackElo "1712"]

1. e4 c5 2. Nf3 Nc6 3. Nc3 Nf6 4. Bb5 d6 5. O-O Bd7 6. a4 e6 7. d4 cxd4 8. Nxd4
Qc7 9. Bg5 Be7 10. Re1 h6 11. Bh4 Rd8 12. Bg3 Ne5 13. Qe2 a6 14. Bxd7+ Nfxd7 15.
Kh1 O-O 16. Nd1 Nc4 17. c3 Bf6 18. f4 b5 19. axb5 Bxd4 20. cxd4 axb5 21. Nc3 Rb8
22. Rec1 Rfc8 23. e5 d5 24. f5 Qd8 25. fxe6 fxe6 26. Qg4 Nf8 27. Ra7 Rc7 28. Rxc7
Qxc7 29. Nxd5 Qb7 30. Nf4 Qe4 31. b3 Na5 32. h4 Rb7 33. Rc8 Nc6 34. Rxf8+ 1-0

[Event "Druzynowe Mistrzostwa Polski Juniorow - I Liga"]
[Site "Ustron"]
[Date "2011-06-30"]
[Round "6.11"]
[White "Wozniak, Mariola"]
[Black "Panczuk, Joanna"]
[Result "1-0"]
[WhiteTitle "WCM"]
[BlackTitle "I"]
[WhiteElo "1788"]
[BlackElo "1679"]

1. e4 d5 2. exd5 Qxd5 3. Nc3 Qa5 4. d4 c6 5. Nf3 Nf6 6. Bd3 Bg4 7. h3 Bh5 8. Bd2
Qc7 9. Qe2 Nbd7 10. O-O e6 11. Rfe1 Bd6 12. Qe3 O-O 13. Ne5 Bg6 14. Bxg6 hxg6
15. Rad1 a6 16. a3 Rfd8 17. Bc1 Rac8 18. Kh1 Nb6 19. Nb1 c5 20. c3 Nfd5 21. Qe2
cxd4 22. cxd4 Qc2 23. Qxc2 Rxc2 24. Kg1 Rdc8 25. g3 Na4 26. b4 Bxe5 27. dxe5 Nac3
28. Nxc3 R8xc3 29. Kf1 Rb3 30. h4 Rb1 31. Kg2 Kf8 32. Kg1 Ke7 33. Be3 Rxd1 34.
Rxd1 Nxe3 35. fxe3 Rc3 36. Kf2 Rxa3 37. Rd6 Rc3 38. Rb6 Rc7 39. e4 Rd7 40. g4
Kd8 41. Rd6 Rxd6 42. exd6 Kd7 43. e5 f6 44. exf6 gxf6 45. h5 1-0

[Event "Druzynowe Mistrzostwa Polski Juniorow - I Liga"]
[Site "Ustron"]
[Date "2011-06-30"]
[Round "6.13"]
[White "Adamowicz, Maciej"]
[Black "Zmarzly, Aleksandra"]
[Result "1-0"]
[WhiteTitle "I+"]
[BlackTitle "k+"]
[WhiteElo "1991"]
[BlackElo "2091"]

1. c4 Nf6 2. Nc3 c5 3. Nf3 e6 4. g3 b6 5. Bg2 Bb7 6. O-O Be7 7. d3 O-O 8. b3 a6
9. Bb2 Qc7 10. a3 d6 11. Re1 Nbd7 12. e4 Bc6 13. a4 Ne5 14. Ng5 h6 15. Nh3 Rfe8
16. f4 Ng6 17. Nf2 Rad8 18. h4 Nf8 19. g4 d5 20. g5 hxg5 21. hxg5 N6h7 22. cxd5
exd5 23. exd5 Ba8 24. Qg4 Ng6 25. Nh3 Bd6 26. Rf1 Re3 27. Be4 Bb7 28. Ne2 Bc8
29. f5 Ne5 30. Bxe5 Bxe5 31. Rac1 Qd6 32. Kf2 Bd4 33. Nxd4 cxd4 34. Rh1 g6 35.
Nf4 gxf5 36. Bxf5 Bxf5 37. Qxf5 Nf8 38. Qf6 Ng6 39. Nh5 Qf8 40. Qf5 Qe7 41. Nf6+
Kf8 42. Ne4 Qa3 43. Rcf1 Rxe4 44. dxe4 d3 45. Kg1 Qc5+ 46. Kg2 Qc2+ 47. Rf2 1-0

[Event "Druzynowe Mistrzostwa Polski Juniorow - I Liga"]
[Site "Ustron"]
[Date "2011-06-30"]
[Round "6.14"]
[White "Malec, Robert"]
[Black "Gabryjalowicz, Jakub"]
[Result "0-1"]
[WhiteTitle "I"]
[BlackTitle "I"]
[WhiteElo "1830"]
[BlackElo "1749"]

1. e4 d5 2. exd5 Nf6 3. d4 Nxd5 4. Nf3 g6 5. Be2 Bg7 6. O-O O-O 7. c4 Nb6 8. Nc3
Nc6 9. d5 Ne5 10. c5 Nxf3+ 11. Bxf3 Nc4 12. Be2 Ne5 13. f4 Nd7 14. Be3 c6 15.
Bf3 cxd5 16. Qxd5 Qc7 17. h3 Nf6 18. Qb3 Rb8 19. Nb5 Qa5 20. Nd4 Nd7 21. Qb5 Qc7
22. Ne2 e5 23. Rac1 exf4 24. Nxf4 Qe5 25. Nd5 Qxb2 26. Qxb2 Bxb2 27. Rb1 Be5 28.
Ne7+ Kh8 29. Nxc8 Rbxc8 30. Bxb7 Rc7 31. c6 Nb6 32. a4 Rd8 33. Kh1 Nxa4 34. Ba6
Nc3 35. Rbe1 Bd4 36. Bxd4+ Rxd4 37. Rf3 Na4 38. Rfe3 Kg8 39. Rf3 Kg7 40. Rfe3
Kf6 41. Re8 Rd6 42. Rc1 Nb6 43. Rf1+ Kg7 44. Rc1 Kf6 45. Kh2 h5 46. Rc5 Na4 47.
Ra5 Nc3 48. Ra3 Nb5 49. Rf3+ Kg7 50. Rfe3 0-1

[Event "Druzynowe Mistrzostwa Polski Juniorow - I Liga"]
[Site "Ustron"]
[Date "2011-06-30"]
[Round "6.15"]
[White "Kowalski, Maciej"]
[Black "Terochin, Piotr"]
[Result "1/2-1/2"]
[WhiteTitle "II+"]
[BlackTitle "II"]
[WhiteElo "1720"]
[BlackElo "1704"]

1. e4 c5 2. Nf3 e6 3. d4 cxd4 4. Nxd4 Nc6 5. Nb5 d6 6. c4 Nf6 7. N5c3 Be7 8. g3
O-O 9. Bg2 e5 10. O-O Be6 11. Na3 Rc8 12. b3 Nd7 13. Nc2 f5 14. exf5 Bxf5 15.
Ne3 Be6 16. Ba3 Qa5 17. Bxd6 Qxc3 18. Bxe7 Nxe7 19. Qd6 Kf7 20. Nd5 Nxd5 21. Bxd5
Nc5 22. f4 Qd4+ 23. Kg2 Bxd5+ 24. cxd5 e4 25. b4 Rfd8 26. Qe5 Qxb4 27. Rad1 Kg8
28. d6 Rd7 29. f5 Qc4 30. Rd5 e3 31. Rf4 Qc2+ 32. Kh3 e2 33. f6 Qg6 34. f7+ Rxf7
35. Rxc5 Rd8 36. Rxf7 Qxf7 37. Qxe2 Qd7+ 38. Kg2 Qxd6 39. Re5 Qc6+ 40. Kh3 h6
41. Re7 a6 42. Qb2 Qg6 43. Rxb7 Re8 44. Rb8 Qe6+ 45. Kg2 Rxb8 46. Qxb8+ Kh7 47.
Qb1+ Kh8 48. Qb8+ Kh7 49. Qb1+ 1/2-1/2

[Event "Druzynowe Mistrzostwa Polski Juniorow - I Liga"]
[Site "Ustron"]
[Date "2011-06-30"]
[Round "6.16"]
[White "Krawiec, Grzegorz"]
[Black "Wacior, Maciej"]
[Result "1/2-1/2"]
[WhiteTitle "II"]
[BlackTitle "II"]
[WhiteElo "1625"]
[BlackElo "1668"]

1. e4 c6 2. d4 d5 3. Nc3 dxe4 4. Nxe4 Bf5 5. Ng3 Bg6 6. Nh3 h6 7. Nf4 Bh7 8. Be3
Nf6 9. Be2 e6 10. O-O Bd6 11. Qd2 O-O 12. c4 Nbd7 13. Bf3 Rb8 14. a3 Re8 15. Ngh5
Nxh5 16. Nxh5 Qh4 17. Bf4 Bxf4 18. Qxf4 Qxf4 19. Nxf4 Nf6 20. Rfd1 Bc2 21. Rd2
Bb3 22. Rc1 Red8 23. Rd3 Ba2 24. Be2 b5 25. cxb5 Rxb5 26. b4 Rb6 27. Bf3 Nd5 28.
Nxd5 cxd5 29. g3 Bc4 30. Re3 Ra6 31. Rcc3 Rc8 32. Be2 Rac6 33. Bxc4 Rxc4 34. Rxc4
Rxc4 35. Rd3 Kf8 36. Kg2 Ke7 37. h4 Kd6 38. f4 Kc6 39. Kf3 Kb5 40. g4 Rc1 41.
f5 Kc4 42. Re3 Rf1+ 43. Kg2 Rf4 44. fxe6 fxe6 45. Kg3 Re4 46. Rf3 Kxd4 47. Rf7
Re3+ 48. Kf2 Rxa3 49. Rxg7 e5 50. Rg6 e4 51. Rxh6 Kd3 52. Re6 Ra2+ 53. Kg3 Ke3
54. g5 Ra1 55. g6 d4 56. Kg2 Ra2+ 57. Kg3 Ra1 58. Kg2 1/2-1/2

[Event "Druzynowe Mistrzostwa Polski Juniorow - I Liga"]
[Site "Ustron"]
[Date "2011-06-30"]
[Round "6.17"]
[White "Przybylska, Agata"]
[Black "Barburzynska, Magdalena"]
[Result "0-1"]
[WhiteTitle "II"]
[BlackTitle "I++"]
[WhiteElo "1604"]
[BlackElo "1936"]

1. e4 c5 2. Nf3 d6 3. d4 cxd4 4. Nxd4 Nf6 5. Nc3 Bd7 6. f3 e6 7. Be3 a6 8. Qd2
Be7 9. g4 Nc6 10. O-O-O b5 11. h4 Qa5 12. Nb3 Qc7 13. g5 Nh5 14. Bh3 Ne5 15. Qf2
Nc4 16. Bg4 Nxe3 17. Qxe3 g6 18. Bxh5 gxh5 19. f4 O-O-O 20. Ne2 Kb8 21. Ng3 Rc8
22. Na1 d5 23. e5 Bc5 24. Qd3 Kb7 25. Kb1 b4 26. Nb3 Bb6 27. Nxh5 Bb5 28. Qd2
a5 29. Rh2 a4 30. Nd4 Bxd4 31. Qxb4 Qc4 32. Qxc4 Rxc4 33. b3 axb3 34. cxb3 Rb4
35. Nf6 Be3 36. Nh5 Rc8 37. Kb2 Bxf4 38. Nxf4 Rxf4 39. a4 Ba6 40. Rh3 Rc7 41.
Re1 Kb6 42. Ka3 Ka5 43. Ree3 d4 44. b4+ Kb6 45. Ref3 Rxf3+ 46. Rxf3 Be2 47. Rf4
Rd7 48. Re4 d3 0-1

[Event "Druzynowe Mistrzostwa Polski Juniorow - I Liga"]
[Site "Ustron"]
[Date "2011-06-30"]
[Round "6.18"]
[White "Lascar, Radoslawa"]
[Black "Antolak, Julia"]
[Result "0-1"]
[WhiteTitle "II+"]
[BlackTitle "II+"]
[WhiteElo "1580"]
[BlackElo "1509"]

1. e4 d5 2. exd5 Nf6 3. d4 Nxd5 4. Nf3 g6 5. Be2 Bg7 6. O-O O-O 7. c4 Nb6 8. Nc3
Nc6 9. d5 Ne5 10. c5 Nbd7 11. Be3 Nxf3+ 12. Bxf3 Ne5 13. Be2 Kh8 14. f4 Nd7 15.
Bf3 Nf6 16. h3 Re8 17. Nb5 a6 18. Nc3 Rb8 19. Bd4 Bd7 20. a4 c6 21. Be5 Rc8 22.
d6 exd6 23. Bxd6 Bf5 24. Qb3 Qd7 25. Rfe1 Be6 26. Qc2 Nd5 27. Nxd5 Bxd5 28. Bxd5
cxd5 29. Qd2 d4 30. Kh2 Rxe1 31. Qxe1 Re8 32. Qd2 Re3 33. b4 Qe8 34. b5 axb5 35.
axb5 h5 36. c6 Qe4 37. Ra2 d3 38. Qd1 Re2 39. Ra8+ Kh7 40. Qf1 d2 41. c7 d1=Q
0-1

[Event "Druzynowe Mistrzostwa Polski Juniorow - I Liga"]
[Site "Ustron"]
[Date "2011-06-30"]
[Round "6.19"]
[White "Sowul, Bartosz"]
[Black "Duda, Jan-krzysztof"]
[Result "0-1"]
[WhiteTitle "k"]
[BlackTitle "FM"]
[WhiteElo "2178"]
[BlackElo "2295"]

1. d4 d5 2. c4 e6 3. Nc3 Be7 4. cxd5 exd5 5. Nf3 Nf6 6. Bg5 c6 7. e3 Bf5 8. Bd3
Bxd3 9. Qxd3 Nbd7 10. O-O O-O 11. Rab1 a6 12. b4 Ne4 13. Bxe7 Qxe7 14. Rfc1 Nb6
15. Qd1 Nxc3 16. Rxc3 Nc4 17. a4 Nd6 18. Ne5 f6 19. Nd3 Rae8 20. Nc5 Qf7 21. Rcb3
Re7 22. g3 g5 23. Nd3 Rfe8 24. Rc1 Kg7 25. Qf3 Qg6 26. Qg2 Qf5 27. h3 Kh8 28.
Nb2 Rg8 29. Nd1 Rg6 30. Nc3 Nc4 31. g4 Qe6 32. Qg3 b5 33. axb5 axb5 34. Ra1 Rg8
35. Rbb1 h5 36. Re1 f5 37. Kg2 fxg4 38. hxg4 h4 39. Qh3 Rf8 40. Re2 Qg6 41. Rd1
Kg8 42. Ra2 Ref7 43. Qh2 Qe6 44. Qh3 Qe7 45. Rb1 Rf6 46. Re2 Qf7 47. Nd1 Rf3 48.
Qh2 Rg3+ 49. Kf1 Qf3 0-1

[Event "Druzynowe Mistrzostwa Polski Juniorow - I Liga"]
[Site "Ustron"]
[Date "2011-06-30"]
[Round "6.20"]
[White "Sleczka, Bartosz"]
[Black "Pietruszewski, Marcin"]
[Result "0-1"]
[WhiteTitle "I"]
[BlackTitle "k"]
[WhiteElo "1895"]
[BlackElo "2111"]

1. e4 c5 2. Nf3 e6 3. d4 cxd4 4. Nxd4 a6 5. Nc3 Qc7 6. Bd3 Nf6 7. O-O Bc5 8. Nb3
Be7 9. Be3 O-O 10. a4 b6 11. f4 d6 12. Qf3 Bb7 13. Rae1 Nbd7 14. Qg3 Rfe8 15.
Bd2 g6 16. Kh1 Bf8 17. Nd1 d5 18. e5 Ne4 19. Bxe4 dxe4 20. Bc3 b5 21. axb5 axb5
22. Ne3 Nb6 23. Nd2 Red8 24. Ng4 b4 25. Nf6+ Kg7 26. Qh4 h6 27. Ndxe4 Bxe4 28.
Nxe4 bxc3 29. bxc3 Be7 30. Qg3 Kh7 31. Rf3 Nc4 32. Nf6+ Bxf6 33. exf6 Rd5 34.
Qh3 Qd8 35. Qh4 Rh5 36. Qf2 Qxf6 37. g4 Rha5 38. g5 Qf5 39. gxh6 Ra1 40. Rxa1
Rxa1+ 41. Kg2 Rc1 42. Qd4 Qg4+ 43. Rg3 Qe2+ 44. Kh3 Qh5+ 45. Kg2 Rxc2+ 0-1

[Event "Druzynowe Mistrzostwa Polski Juniorow - I Liga"]
[Site "Ustron"]
[Date "2011-06-30"]
[Round "6.21"]
[White "Murawko, Katarzyna"]
[Black "Bus, Konrad"]
[Result "0-1"]
[WhiteTitle "I+"]
[BlackTitle "I"]
[WhiteElo "1796"]
[BlackElo "1854"]

1. e4 c5 2. Nf3 d6 3. d4 cxd4 4. Qxd4 Nc6 5. Bb5 Bd7 6. Bxc6 Bxc6 7. Nc3 Nf6 8.
Bg5 e6 9. O-O-O Be7 10. h3 O-O 11. Nd2 Qc7 12. Qe3 b5 13. f3 Rfc8 14. Qd3 b4 15.
Ncb1 Bb5 16. Qb3 a5 17. a4 bxa3 18. Nxa3 Rab8 19. Kb1 Be2 20. Qa2 Bxd1 21. Rxd1
d5 22. Rc1 dxe4 23. fxe4 Qc5 24. Bxf6 Bxf6 25. Nac4 Rb4 26. b3 Rcb8 27. Nb2 Qc3
28. Ndc4 Rxc4 29. Nxc4 Qxc4 30. Qxa5 Rxb3+ 0-1

[Event "Druzynowe Mistrzostwa Polski Juniorow - I Liga"]
[Site "Ustron"]
[Date "2011-06-30"]
[Round "6.22"]
[White "Kyc, Jerzy"]
[Black "Mockun, Dawid"]
[Result "1-0"]
[WhiteTitle "II"]
[BlackTitle "II+"]
[WhiteElo "1628"]
[BlackElo "1688"]

1. e4 c6 2. d4 d5 3. exd5 cxd5 4. Bd3 Nc6 5. Ne2 Bg4 6. f3 Bh5 7. Nbc3 e6 8. O-O
Bd6 9. Be3 Nge7 10. Qd2 Bg6 11. Rae1 O-O 12. a3 Na5 13. Bf4 Bxd3 14. Qxd3 Nc4
15. Rb1 Bxf4 16. Nxf4 Qc7 17. Nfe2 a6 18. Ng3 Qf4 19. Rf2 Nc6 20. Nge2 Qe3 21.
Qxe3 Nxe3 22. Rc1 b5 23. Nd1 Nc4 24. c3 a5 25. Nf4 Rfc8 26. Nd3 Rab8 27. Rfc2
h6 28. Kf2 f6 29. Ne3 Kf7 30. Re2 Re8 31. Rce1 Re7 32. Nxc4 bxc4 33. Nc5 e5 34.
dxe5 fxe5 35. Rd2 Rd8 36. Red1 d4 37. Ne4 Red7 38. Rc2 d3 39. Rcc1 Rb7 40. Rd2
Kg6 41. Nc5 Rb5 42. Na4 Ne7 43. Re1 Nf5 44. Re4 Nd6 45. Re3 Re8 46. g3 e4 47.
Rd1 Rf5 48. Rde1 Ref8 49. f4 Kh7 50. Rxe4 Nxe4+ 51. Rxe4 Rd8 52. Ke1 d2+ 53. Kd1
Rfd5 54. Nb6 Rh5 55. h4 Rd3 56. Nxc4 Rb5 57. g4 Rh3 58. h5 Rh4 59. Re5 Rb8 60.
Kxd2 Rxg4 61. Rf5 a4 62. Kc2 Rg2+ 63. Kb1 Rf2 64. Ka1 Rd8 65. Nb6 Rd1+ 66. Ka2
Rdf1 67. Nd5 Rc1 68. Rf7 Kg8 69. Rb7 Rcc2 70. f5 Kf8 71. f6 gxf6 72. Rb4 Kf7 73.
Nf4 Rxc3 74. Rxa4 Rcf3 75. Ra7+ Ke8 76. Ne6 Rh2 77. Rb7 Re3 78. Ng7+ Kd8 79. Nf5
Re5 80. Nxh6 Rexh5 81. Ng4 Rc2 82. Nxf6 Ra5 83. Ne4 Kc8 84. Rb4 Kc7 85. Kb3 Re2
86. Nc3 Rh2 87. a4 Kc6 88. Rg4 Re5 89. Ka3 Re3 90. Rg5 Rf3 91. Rg8 Kb7 92. Rg6
Rd3 93. Rg4 Kb6 94. Rc4 Rhh3 95. Kb4 Rd2 96. b3 Rb2 97. a5+ Kb7 98. Ka4 Rc2 99.
Kb4 Rb2 100. Rg4 Rf3 101. Rg7+ Ka6 102. Rg6+ Ka7 103. Nb5+ Kb8 104. Rb6+ Ka8 105.
Nd4 Rd3 106. Kc4 Rd1 107. Nc6 Rc1+ 108. Kb4 Rxc6 109. Rxc6 Kb7 110. Rf6 Ka7 111.
Ka4 1-0

[Event "Druzynowe Mistrzostwa Polski Juniorow - I Liga"]
[Site "Ustron"]
[Date "2011-06-30"]
[Round "6.23"]
[White "Ostrowska, Dominika"]
[Black "Tracz, Marcelina"]
[Result "0-1"]
[WhiteTitle "k"]
[BlackTitle "II+"]
[WhiteElo "1936"]
[BlackElo "1685"]

1. e4 e5 2. Nf3 Nc6 3. Bb5 a6 4. Ba4 Nf6 5. Qe2 b5 6. Bb3 d6 7. c3 Be7 8. O-O O-O
9. Rd1 Na5 10. Bc2 c5 11. d4 Qc7 12. d5 Bg4 13. h3 Bh5 14. Nbd2 c4 15. Nf1 Nb7
16. g4 Bg6 17. Ng3 a5 18. Kh2 a4 19. a3 Nc5 20. Rb1 Qd8 21. Ne1 Nfd7 22. f4 exf4
23. Bxf4 f6 24. Be3 Rc8 25. Ng2 Ne5 26. Nf4 Bf7 27. Nf5 Re8 28. Rg1 Ng6 29. Nh5
Bf8 30. Qg2 Ne7 31. Nh6+ gxh6 32. Nxf6+ Kh8 33. Nxe8 Qxe8 34. Bd4+ Bg7 35. Bxg7+
Kxg7 36. g5 h5 37. Qg3 Rd8 38. Rbe1 Ng6 39. e5 Nxe5 40. Qf4 Qe7 41. Re3 Rf8 42.
Qg3 Bxd5 43. g6 h6 44. Rge1 Qf6 45. Bd1 Ncd3 46. R1e2 h4 0-1

[Event "Druzynowe Mistrzostwa Polski Juniorow - I Liga"]
[Site "Ustron"]
[Date "2011-06-30"]
[Round "6.25"]
[White "Stankiewicz, Pawel"]
[Black "Borawski, Jakub"]
[Result "1/2-1/2"]
[WhiteTitle "I++"]
[BlackTitle "II+"]
[WhiteElo "2096"]
[BlackElo "1899"]

1. e4 e5 2. Nf3 Nc6 3. Bb5 a6 4. Ba4 Nf6 5. O-O d6 6. d3 g6 7. c3 Bg7 8. Nbd2 O-O
9. Re1 b5 10. Bc2 Nb8 11. Nf1 c5 12. a3 Bb7 13. b4 Qc7 14. Bb2 Nbd7 15. Ne3 d5
16. exd5 Nxd5 17. bxc5 Qxc5 18. d4 exd4 19. cxd4 Qd6 20. Nxd5 Bxd5 21. Ne5 Nb6
22. Bc3 a5 23. Qd2 Nc4 24. Nxc4 Bxc4 25. Bxa5 Qxd4 26. Rad1 Qxd2 27. Bxd2 Rfd8
28. Bb4 Rxd1 29. Rxd1 Bf8 30. Be4 Rb8 31. Bd5 Bxb4 32. axb4 Kg7 33. f4 Rd8 34.
Bf3 Rxd1+ 35. Bxd1 Kf6 36. Kf2 Ke6 37. Ke3 Bd5 38. g4 f6 39. Be2 Bc6 40. Kd4 Kd6
41. g5 f5 42. Bd1 Bd5 43. Be2 Bc6 44. Bd3 Bd7 45. h4 Be8 46. h5 gxh5 47. Bxf5
h4 48. Bh3 Bd7 49. f5 Bc6 50. Bf1 Bh1 51. Bh3 Bd5 52. Bf1 Bc6 53. Ke3 Ke5 54.
f6 Bd5 55. Bg2 Bg8 56. Bc6 h6 57. gxh6 Kxf6 58. Be4 Be6 59. Kf4 h3 60. Kg3 Bc8
61. Bc2 Be6 62. Bd3 Bd7 63. Be4 Be6 64. Bc6 Kg6 65. Bxb5 Kxh6 66. Bc6 Kg5 67.
Be4 Kf6 68. Kf4 Bc4 69. Kg3 Ke5 70. Bc6 Kd6 71. Bf3 Bd5 72. Be2 Bg2 73. Bg4 1/2-1/2

[Event "Druzynowe Mistrzostwa Polski Juniorow - I Liga"]
[Site "Ustron"]
[Date "2011-06-30"]
[Round "6.26"]
[White "Zochowski, Kacper"]
[Black "Lukasiewicz, Aleksander"]
[Result "1-0"]
[WhiteTitle "I"]
[BlackTitle "I"]
[WhiteElo "1942"]
[BlackElo "1925"]

1. e4 e5 2. Nf3 Nc6 3. Bb5 g6 4. c3 d6 5. d4 Bd7 6. Bg5 f6 7. Be3 Bg7 8. h4 Qe7
9. Nbd2 a6 10. Ba4 O-O-O 11. d5 Nb8 12. b4 h6 13. c4 f5 14. Bc2 Nf6 15. c5 Be8
16. cxd6 cxd6 17. Bb6 Nbd7 18. Bxd8 Qxd8 19. exf5 Qb6 20. O-O g5 21. hxg5 hxg5
22. Nxg5 Qxb4 23. Nde4 Nxe4 24. Nxe4 Nf6 25. Rb1 Qa3 26. Rb3 Qxa2 27. Nxd6+ Kd7
28. Nxb7 Ke7 29. Rg3 Kf8 30. Nc5 Bf7 31. Ne6+ Bxe6 32. dxe6 Qc4 33. Qd6+ Kg8 34.
Rxg7+ Kxg7 35. Qe7+ Kg8 36. Qf7# 1-0

[Event "Druzynowe Mistrzostwa Polski Juniorow - I Liga"]
[Site "Ustron"]
[Date "2011-06-30"]
[Round "6.27"]
[White "Grela, Kacper"]
[Black "Smolarczyk, Tomasz"]
[Result "1-0"]
[WhiteTitle "II"]
[BlackTitle "II"]
[WhiteElo "1728"]
[BlackElo "1575"]

1. e4 e5 2. Nf3 Nc6 3. d4 exd4 4. Nxd4 Bc5 5. Be3 Qf6 6. c3 Nge7 7. Qd2 Qe5 8.
Nb5 Bxe3 9. Qxe3 Ng6 10. Nd2 O-O 11. Nf3 Qe7 12. Nxc7 Rb8 13. Nd5 Qd8 14. O-O-O
d6 15. Kb1 Nge5 16. Nxe5 dxe5 17. Be2 Qa5 18. h4 b5 19. Qc5 Qa4 20. Qxc6 Bb7 21.
Qc5 Bxd5 22. Qxd5 b4 23. c4 Rb6 24. c5 Rf6 25. f3 h6 26. g4 Rb8 27. g5 Rg6 28.
Qxe5 Rc8 29. f4 Rgc6 30. gxh6 Rxh6 31. Rhg1 Rh7 32. Bg4 Rf8 33. Bf5 f6 34. Bxh7+
Kxh7 35. Qh5+ Kg8 36. Rxg7+ Kxg7 37. Rg1# 1-0

[Event "Druzynowe Mistrzostwa Polski Juniorow - I Liga"]
[Site "Ustron"]
[Date "2011-06-30"]
[Round "6.28"]
[White "Szostko, Jakub"]
[Black "Nowakowski, Artur"]
[Result "1-0"]
[WhiteTitle "II"]
[BlackTitle "II"]
[WhiteElo "1610"]
[BlackElo "1631"]

1. e4 e6 2. d4 d5 3. Nc3 dxe4 4. Nxe4 Nd7 5. Bd3 Be7 6. Nf3 Ngf6 7. Nxf6+ Bxf6
8. O-O c5 9. dxc5 Nxc5 10. Bc4 Bd7 11. c3 Rc8 12. Re1 O-O 13. Bf1 Bc6 14. Be2
b6 15. Be3 Na4 16. Qc2 Qe7 17. Nd4 Bxd4 18. Bxd4 Nc5 19. Rad1 Rfd8 20. Bf1 Be4
21. Rxe4 Nxe4 22. Qxe4 Qd6 23. Bd3 f5 24. Qe3 Qd5 25. Qg3 g6 26. b3 Rc6 27. Qg5
Rf8 28. Re1 Qa5 29. Qe7 Rf7 30. Qe8+ Rf8 31. Qxc6 Qxa2 32. Qxe6+ Rf7 33. Qe8+
Rf8 34. Bc4# 1-0